00850nam a22002297a 4500003000500000008004100005020001800046040000800064041001300072082001600085100001100101245003800112250002700150260005100177300003300228336002700261337003300288338002900321505020200350650002700552650004100579BPGM260618e1989 mx c|||g |||| 001 0 spa d a968-6140-45-X bspa aspahspa042920.72aD52 eAUTOR  aMEMORIAS DE UNA NIÑA QUERETANA  aPRIMERA EDICION b1989 aMEXICObGOBIERNO DEL ESTADO DE QUERETAROc1989 a92 paginas c21 cm x 13.5 cm 2rdacontentatextobtxt 2rdamediaasin mediaciónbn 2rdacarrieravolumen bnc aEs una obra autobiográfica que recoge recuerdos de infancia y juventud vividos en Querétaro, ofreciendo una mirada íntima y nostálgica de la vida cotidiana en la ciudad durante el siglo XX. 2GEOGRAFÍA E HISTORIA 2BIOGRAFÍA, GENEALOGÍA, INSIGNIAS